Příručka pro domovní instalace (voda,plyn,elektroinstalace)

Guardado en:
Detalles Bibliográficos
Formato: Libro
Lenguaje:checo
Publicado: Praha : SNTL, 1989
Etiquetas: Agregar Etiqueta
Sin Etiquetas, Sea el primero en etiquetar este registro!

MARC

LEADER 00000nam a22000003a 4500
001 stu28656
005 20150408181132.3
008 950411s1989----xr------------------cze-d
040 |a STU  |b slo 
041 0 |a cze 
044 |a xr 
080 |a 696 
245 |a Příručka pro domovní instalace (voda,plyn,elektroinstalace) 
260 |a Praha :  |b SNTL,  |c 1989 
300 |a 131 s 
996 |b 284V026013  |c V*37658/O-15770  |l VVS  |s A  |a 24  |w stu28656_0001 
996 |b 284V026014  |c V*37659/O-15770a  |l VVS  |s A  |a 24  |w stu28656_0002